Normal view
MARC view
- القدس- تاريخ فلسطين
Entry Topical Term
001 - CONTROL NUMBER
- control field: 60253
003 - CONTROL NUMBER IDENTIFIER
- control field: JO-AjAnu
005 - DATE AND TIME OF LATEST TRANSACTION
- control field: 20230606083841.0
008 - FIXED-LENGTH DATA ELEMENTS
- fixed length control field: 230606|| aca||aabn | a|a d
040 ## - CATALOGING SOURCE
- Original cataloging agency: JO-AjAnu
- Transcribing agency: JO-AjAnu
150 ## - HEADING--TOPICAL TERM
- Topical term or geographic name entry element: القدس- تاريخ فلسطين
670 ## - SOURCE DATA FOUND
- Source citation: Work cat.: (JO-AjAnu)30727: تاليف نوفل، أحمد سعيد واخرون،مؤلفون مشاركون عبدالعزيز محمد عوض، علي مفلح محافظه، عمر محمد الغول، محمود عواد، معاوية ابراهيم، نعمان جبران؛ تحرير محمود عبدالله عواد, author 60252, القدس في العصور القديمة والمتوسطة والحديثة